000 00711 a2200229 4500
005 20260313115446.0
008 260313b |||||||| |||| 00| 0 eng d
020 _a9789390887224 (hbk)
037 _cTB
040 _aCRL
_cCRL
041 _2URD
_aURD
084 _aO168,3N85x R3
_bCRL
100 _aBano, Saba Mumtaz
_91115540
245 _aKya ye badan mera tha
260 _aLucknow, India:
_bMatterlink Publishers,
_c2023.
300 _a263p.
365 _bUrdu Literature
_cINR
650 _aUrdu Literature
650 _aUrdu Fiction
942 _cTB
_2CC
_hO168,3N85x R3
999 _c1679513
_d1679513